[Event "GER-ch U25-B"]
[Site "Willingen"]
[Date "2023.05.29"]
[Round "3"]
[White "Baki, Evelin"]
[Black "Hornstein, Leonhard Orell"]
[Result "1/2-1/2"]
[WhiteElo "1162"]
[BlackElo "1476"]
[PlyCount "43"]
[EventDate "2023.05.27"]
[EventType "swiss"]
[EventRounds "9"]
[EventCountry "GER"]
[SourceTitle "CBM 214 Extra"]
[Source "ChessBase"]
[SourceDate "2023.07.31"]
[SourceVersion "1"]
[SourceVersionDate "2023.07.31"]
[SourceQuality "1"]

1. e4 e6 2. d4 d5 3. Nd2 c5 4. c3 Qb6 5. Ngf3 Bd7 6. e5 Bb5 7. Be2 Bxe2 8. Qxe2 Nc6 9. Nb3 cxd4 10. cxd4 Nge7 11. Bd2 Nf5 12. Bc3 Be7 13. 0-0 0-0 14. Rfd1 Rac8 15. Rac1 Rc7 16. Rc2 Nb4 17. Bxb4 Bxb4 18. Rxc7 Qxc7 19. Rc1 Qd7 20. Qc2 Qb5 21. a3 Ba5 22. Nxa5 1/2-1/2

[Event "GER-ch U25-B"]
[Site "Willingen"]
[Date "2023.05.28"]
[Round "1"]
[White "Aguike, Chidera"]
[Black "Hornstein, Leonhard Orell"]
[Result "1-0"]
[WhiteElo "1449"]
[BlackElo "1476"]
[PlyCount "131"]
[EventDate "2023.05.27"]
[EventType "swiss"]
[EventRounds "9"]
[EventCountry "GER"]
[SourceTitle "CBM 214 Extra"]
[Source "ChessBase"]
[SourceDate "2023.07.31"]
[SourceVersion "1"]
[SourceVersionDate "2023.07.31"]
[SourceQuality "1"]

1. e4 d5 2. exd5 Qxd5 3. d4 Nf6 4. Nf3 Bg4 5. Be2 e6 6. h3 Bxf3 7. Bxf3 Qa5+ 8. c3 c6 9. Qb3 Qc7 10. 0-0 Nbd7 11. Re1 Be7 12. Nd2 0-0 13. Nc4 Nd5 14. Ne3 N7f6 15. Nxd5 exd5 16. Bg5 h6 17. Bh4 g5 18. Bg3 Bd6 19. Bxd6 Qxd6 20. Qxb7 Rfb8 21. Qe7 Qxe7 22. Rxe7 Rxb2 23. Rc7 Rb6 24. Re1 Ne8 25. Rd7 Nf6 26. Rd6 Kg7 27. Re7 a6 28. Rc7 Rb1+ 29. Kh2 Ne8 30. Rdxc6 Nxc7 31. Rxc7 Rd8 32. Bh5 Rf8 33. Rd7 Rc1 34. Rc7 Rc2 35. a4 Rxf2 36. Bf3 Rd8 37. Rc5 f6 38. Bxd5 Rf5 39. Rc7+ Kf8 40. Bb3 Rb8 41. Be6 Rf1 42. d5 Rd8 43. c4 Rd1 44. c5 R1xd5 45. Bxd5 Rxd5 46. c6 Rc5 47. Kg3 Rc4 48. a5 Ke8 49. Rc8+ Ke7 50. c7 Kd7 51. Ra8 Rc6 52. c8Q+ Rxc8 53. Rxa6 Ke7 54. Rb6 Ra8 55. a6 Kf7 56. Kg4 Kg6 57. Kf3 Kf5 58. g4+ Ke5 59. Rb5+ Ke6 60. Ra5 Ra7 61. Ke4 Kd6 62. Kf5 Ke7 63. Kg6 Ke6 64. Kxh6 Kf7 65. Kh7 f5 66. Rxf5+ 1-0

[Event "Verden op-B"]
[Site "Verden"]
[Date "2023.01.06"]
[Round "4"]
[White "Hornstein, Leonhard Orell"]
[Black "Ristedt, Mathis"]
[Result "1/2-1/2"]
[WhiteElo "1323"]
[BlackElo "1573"]
[PlyCount "55"]
[EventDate "2023.01.05"]
[EventType "swiss"]
[EventRounds "7"]
[EventCountry "GER"]
[SourceTitle "CBM 212 Extra"]
[Source "ChessBase"]
[SourceDate "2023.03.31"]
[SourceVersion "1"]
[SourceVersionDate "2023.03.31"]
[SourceQuality "1"]

1. d4 d5 2. Nc3 Nf6 3. Bf4 c5 4. e3 cxd4 5. exd4 a6 6. Nf3 Nc6 7. Ne5 Bf5 8. Be2 e6 9. 0-0 Be7 10. Bg4 Nxd4 11. Qxd4 Bxc2 12. Rac1 Bg6 13. Nxg6 hxg6 14. Be2 Rc8 15. Na4 Ne4 16. Rxc8 Qxc8 17. Rc1 Qd8 18. Nb6 0-0 19. Rc8 Bf6 20. Qb4 Qe7 21. Rxf8+ Qxf8 22. Qxf8+ Kxf8 23. Nd7+ Ke7 24. Nxf6 Kxf6 25. f3 Nc5 26. Kf2 e5 27. Bd2 Ke6 28. Bb4 1/2-1/2

[Event "GER-ch Youth-B"]
[Site "Willingen"]
[Date "2022.06.05"]
[Round "1"]
[White "Hornstein, Leonhard Orell"]
[Black "Maul, Maik Joel"]
[Result "0-1"]
[WhiteElo "1214"]
[BlackElo "1532"]
[PlyCount "74"]
[EventDate "2022.06.04"]
[EventType "swiss"]
[EventRounds "9"]
[EventCountry "GER"]
[SourceTitle "CBM 208 Extra"]
[Source "ChessBase"]
[SourceDate "2022.07.31"]
[SourceVersion "1"]
[SourceVersionDate "2022.07.31"]
[SourceQuality "1"]

1. d4 f5 2. f4 Nf6 3. e3 d6 4. Nf3 Nbd7 5. Be2 e6 6. 0-0 Be7 7. Nbd2 0-0 8. c3 Ng4 9. Nb3 e5 10. fxe5 dxe5 11. dxe5 Ndxe5 12. Qc2 Bd6 13. g3 Qe7 14. Nbd4 b6 15. Nxe5 Qxe5 16. Bxg4 fxg4 17. Rxf8+ Bxf8 18. e4 Bb7 19. Bf4 Qc5 20. Re1 Re8 21. Kf1 Qc4+ 22. Kg2 c5 23. Qb3 Qxb3 24. Nxb3 Rxe4 25. Rxe4 Bxe4+ 26. Kf2 Bd5 27. Nc1 Kf7 28. b3 Ke6 29. Nd3 c4 30. Nc1 Bc5+ 31. Kf1 b5 32. b4 Bb6 33. Ke2 Kf5 34. Be3 Bf3+ 35. Kf2 Ke5 36. Bxb6 axb6 37. a3 h6 0-1

[Event "GER-ch U25-C"]
[Site "Willingen"]
[Date "2019.06.11"]
[Round "4"]
[White "Keuper, David"]
[Black "Hornstein, Leonhard Orell"]
[Result "0-1"]
[WhiteElo "1075"]
[BlackElo "1346"]
[PlyCount "100"]
[EventDate "2019.06.08"]
[EventType "swiss"]
[EventRounds "9"]
[EventCountry "GER"]
[SourceTitle "CBM 191 Extra"]
[Source "ChessBase"]
[SourceDate "2019.09.30"]
[SourceVersion "1"]
[SourceVersionDate "2019.09.30"]
[SourceQuality "1"]

1. e4 c5 2. Nc3 e6 3. f4 d5 4. exd5 exd5 5. Nf3 Nf6 6. d4 a6 7. g3 Nc6 8. Be3 Qe7 9. Ne5 Nxe5 10. fxe5 Ng4 11. Qe2 Nxe3 12. Qxe3 Be6 13. Bg2 Rd8 14. 0-0-0 c4 15. Bf3 b5 16. a3 g6 17. Qe2 Qc7 18. Qg2 Qb7 19. Rhe1 Be7 20. h4 h5 21. Ne2 0-0 22. Nf4 Qc6 23. c3 Kg7 24. Rf1 a5 25. Kd2 b4 26. Rb1 b3 27. g4 hxg4 28. Bxg4 Bxh4 29. Nxe6+ fxe6 30. Bh5 Qe8 31. Rg1 Rf2+ 32. Qxf2 Bxf2 33. Rxg6+ Qxg6 34. Bxg6 Kxg6 35. Rf1 Bh4 36. Rg1+ Bg5+ 37. Ke2 Rh8 38. Rg2 Kf5 39. Rf2+ Bf4 40. Rf1 Rh2+ 41. Ke1 Rxb2 42. Rf3 Ra2 43. Rxf4+ Kxf4 44. Kd1 Rh2 45. Kc1 Ke3 46. Kb1 Kd3 47. a4 Kxc3 48. Ka1 b2+ 49. Ka2 Rh1 50. Ka3 Ra1# 0-1

[Event "Niedersachsen-ch op C"]
[Site "Verden"]
[Date "2019.01.04"]
[Round "3"]
[White "Hornstein, Leonhard Orell"]
[Black "Fink, Moritz"]
[Result "0-1"]
[WhiteElo "1091"]
[BlackElo "1281"]
[PlyCount "60"]
[EventDate "2019.01.03"]
[EventType "swiss"]
[EventRounds "7"]
[EventCountry "GER"]
[SourceTitle "EXT 2022"]
[Source "ChessBase"]
[SourceDate "2021.10.06"]
[SourceVersion "1"]
[SourceVersionDate "2021.10.06"]
[SourceQuality "1"]

1. e4 e5 2. Bc4 Nf6 3. d3 Bc5 4. Nc3 d6 5. f4 Be6 6. Bxe6 fxe6 7. fxe5 dxe5 8. Nf3 Nc6 9. Bg5 0-0 10. Ne2 Qd7 11. Qd2 Rad8 12. 0-0-0 b5 13. Qc3 Bb4 14. Nxe5 Bxc3 15. Nxd7 Bxb2+ 16. Kxb2 Rxd7 17. Rhf1 a5 18. Kb3 Nd4+ 19. Nxd4 Rxd4 20. c3 Rd7 21. a4 c6 22. e5 Nd5 23. Rxf8+ Kxf8 24. c4 bxa4+ 25. Kxa4 Nc3+ 26. Kxa5 Nxd1 27. Kb6 Rxd3 28. Kxc6 Rc3 29. c5 Ke8 30. Kd6 h6 0-1

[Event "GER-ch U25-C"]
[Site "Willingen"]
[Date "2018.05.26"]
[Round "9"]
[White "Hornstein, Leonhard Orell"]
[Black "Reichel, Sara"]
[Result "1-0"]
[WhiteElo "934"]
[BlackElo "1192"]
[PlyCount "73"]
[EventDate "2018.05.19"]
[EventType "swiss"]
[EventRounds "9"]
[EventCountry "GER"]
[SourceTitle "CBM 184 Extra"]
[Source "ChessBase"]
[SourceDate "2018.06.28"]
[SourceVersion "1"]
[SourceVersionDate "2018.06.28"]
[SourceQuality "1"]

1. d4 d5 2. c4 c6 3. e3 e6 4. Nf3 f5 5. Nc3 Nf6 6. Bd3 Be7 7. 0-0 Nbd7 8. c5 0-0 9. Bd2 Ne4 10. Bxe4 dxe4 11. Ne5 Nxe5 12. dxe5 g5 13. b4 Bd7 14. Ne2 Qe8 15. Bc3 Rd8 16. Ng3 g4 17. f3 Qg6 18. fxe4 fxe4 19. Rxf8+ Bxf8 20. Qe2 Be7 21. Qc2 Qg5 22. Qxe4 Be8 23. Qc2 Qxe3+ 24. Kh1 Bg6 25. Qb3 Bf7 26. Re1 Qg5 27. Kg1 Rd3 28. Qc4 Re3 29. Rd1 Qg6 30. Rd7 Qb1+ 31. Kf2 Bg5 32. Bd2 Qb2 33. Ne2 Qxe5 34. Bxe3 Qxe3+ 35. Kf1 b6 36. Qxg4 bxc5 37. h4 1-0